000 00620nam a2200265Ia 4500
005 20260306163846.0
008 008 260114s9999 xx 000 0 eng d
020 _a9780813043432
037 _aEBOOK
040 _aCRL
040 _beng
040 _cCRL
041 _2eng
041 _aeng
084 _qCRL
100 _aCarey Jr.
_91129514
245 0 _aDistilling The Influence Of Alcohol
260 _bUniversity Press of Florida
260 _c2013
650 _aSocial Work
856 _uhttps://academic.oup.com/book/29056
942 _cEBOOK
999 _c1711776
_d1711776